000 00348nam a2200145Ia 4500
005 20251222143226.0
008 251222s9999||||xx |||||||||||||| ||spa||
020 _a8421741055
082 _a813.52/F55
100 _aFitzgerald, F. Scott
245 0 _aHistorias de Pat Hobby
250 _a1ra.ed.
264 _bLuis de Caral Editor
942 _cLIB
999 _c13990
_d13990